000 02325cam a2200433 a 4500
001 8408754
005 20170105102937.0
008 100427s2011 nyu b 001 0 eng
010 _a 2010018047
020 _a9780415575904 (hardback)
020 _a0415575907 (hardback)
020 _a9780203840238 (ebook)
020 _a0203840232 (ebook)
024 _a40018784369
035 _a(OCoLC)ocn611553143
035 _a(OCoLC)611553143
035 _a(NNC)8408754
040 _aDLC
_cDLC
_dYDX
_dYDXCP
043 _aaz-----
_aac-----
050 0 0 _aDS341
_b.R47 2011
082 0 0 _a320.5570954
_222
_bREL 2011
245 0 0 _aReligion and security in South and Central Asia /
_cedited by K. Warikoo.
260 _aNew York :
_bRoutledge,
_cc2011.
300 _aviii, 217 p. ;
_c25 cm.
490 1 _aCentral Asia research forum
504 _aIncludes bibliographical references and index.
505 0 _aTaliban's resurgence in Afghanistan and Pakistan / Frederic Grare -- Pakistan's slide towards Talibanisation / Sushant Sareen -- Resurgence of the Taliban and Al Qaeda in Afghanistan : implications for regional security / Deepali Gaur Singh -- Roads to perdition : the politics and practice of Islamist terrorism in India / Praveen Swami -- Islamist extremism in Kashmir / K. Warikoo -- Communal peace in India : lessons from multicultural Banaras / Priyankar Upadhyaya -- Islamist extremism and terror network in Bangladesh / Smruti S. Pattanaik -- Religious radicalism in Bangladesh : security challenges to India / C.A. Josukutty -- Hizb ut-Tahrir : the destabilising force in central Asia / Mahesh R. Debata -- Islamic radicalism in central Asia / Murat Laumulin -- Islam in contemporary Tajikistan : role of Muslim leaders / Muzaffar Olimov -- Ethnic-religious separatism in Xinjiang : challenge to China's security / K. Warikoo.
650 0 _aIslam and state
_zSouth Asia.
650 0 _aIslam and state
_zAsia, Central.
650 0 _aNational security
_zSouth Asia.
650 0 _aNational security
_zAsia, Central.
650 0 _aIslamic fundamentalism
_zSouth Asia.
650 0 _aIslamic fundamentalism
_zAsia, Central.
700 1 _aWarikoo, K.
_q(Kulbhushan),
_d1951-
830 0 _aCentral Asia research forum series.
942 _2ddc
_cBK
948 1 _a20110210
_bc
_cvt2130
_dMPS
999 _c16324
_d16324